000
00298nam a2200109Ia 4500
008
200302s9999 xx 000 0 und d
100
_a
Anthony Speaight & Others
245
_a
Architect's Legal Handbook the Law for Architects 9th ed.
260
_b
Elsevier Inc.
260
_c
2010
300
_a
413 P.,
999
_c
2808
_d
2808